000 01796cam a22002895a 4500
001 L159660
008 171205s2015 xxk f 000 0 eng d
035 _a(Sirsi) u159660
041 _aeng
050 0 4 _a333.32 $2 18
110 _aGlobal Land Tool Network
245 _aCosting and Financing of Land Administration Services (CoFLAS) in Developing Countries
_h[electronic resource]
260 _bGlobal Land Tool Network
_c2015
505 _aExecutive Summary -- Introduction -- Scope of the Tool -- Process for Developing CoFLAS -- Tool Description -- Financing LAS Reform -- Conclusions -- Reference Materials -- Glossary and Definitions -- Annexes - CoFLAS Tool and Questionnaire
520 _aSets out the development and initial formulation of CoFLAS, providing a decision-support tool and methodology across the process of costing and financing of land administration services (LAS) in developing countries. The underlying assumption of the tool is that without modernizing the way services are provided in land offices and making them effective, cost efficient, affordable and sustainable, developing countries will find it difficult to ensure secure access to land and property to all including the poor and the vulnerable.
650 _aLAND ADMINISTRATION SYSTEMS
650 _aDEVELOPING COUNTRIES
650 _aLAND OWNERSHIP
650 _aPROPERTY OWNERSHIP
651 4 _aInternational
690 _aLand use
_96251
710 1 _aLand Equity International
710 1 _aUN Habitat
_95811
856 4 0 _uhttps://www.gltn.net/index.php/publications/publications/send/2-gltn-documents/2214-costing-and-financing-of-land-administration-services-coflas-in-developing-countries
_zView the report free of charge from www.gltn.net
942 _n0
948 _c21/01/1999
999 _c116078
_d116078